Ottoman Cities – Sudden Death - Statistics

General Stats
  • This quiz has been taken 96 times
  • The average score is 11 of 21
Answers on the Grid
Answers color-coded by a green-red scale on the quiz's grid according to % correct below.
Ankara
Athens
Baghdad
Barcelona
Beirut
Belgrade
Benghazi
Berlin
Bucharest
Bursa
Cairo
Casablanca
Damascus
Dubai
Istanbul
Jerusalem
Konya
Kyiv
Madrid
Marseille
Mecca
Moscow
Muscat
Naples
Odesa
Paris
Prague
Riyadh
Rome
Sarajevo
Sofia
Tehran
Thessaloniki
Trabzon
Tunis
Varna
Venice
Vienna
Warsaw
Zagreb
 
Answer Stats
Answer % Correct
Ankara
96%
Athens
83%
Beirut
80%
Cairo
76%
Baghdad
74%
Belgrade
72%
Bursa
72%
Damascus
72%
Istanbul
72%
Jerusalem
59%
Benghazi
57%
Bucharest
52%
Konya
52%
Mecca
48%
Sofia
31%
Thessaloniki
31%
Sarajevo
28%
Varna
22%
Trabzon
20%
Tunis
20%
Odesa
19%
No matching quizzes found
Score Distribution
Percent of People with Each Score
Percentile by Number Answered
Your Score History
You have not taken this quiz